000 00350 a2200169 4500
001 161380
020 _a
040 _cMagnum
100 _aMoraes, Antonieta Dias de
240 1 0 _aA casa de mico-saá
_lpor
245 1 0 _aA casa de mico-saá
300 _a24
362 0 _a1986
440 1 _aFTD
697 _aLITERATURA INFANTO
942 _cBK
999 _c161380
_d161380